| 000 | 00806nam a2200265Ia 4500 | ||
|---|---|---|---|
| 003 | OSt | ||
| 005 | 20240813160852.0 | ||
| 008 | 210210b2015 xxu||||| |||| 00| 0 eng d | ||
| 020 | _a818467631X | ||
| 040 | _cAL | ||
| 041 | _aKannada | ||
| 082 | _a510.1K BALB | ||
| 100 |
_aBALACHANDRA RAV (S) _dಬಾಲಚಂದ್ರ ರಾವ್ (ಎಸ್) _9177139 |
||
| 245 |
_aBharatiya ganita mattu kagola vijnana _bಭಾರತೀಯ ಗಣಿತ ಮತ್ತು ಖಗೋಳ ವಿಜ್ಞಾನ |
||
| 260 |
_aBengaluru _bNavakaranataka Prakashana _c2015 |
||
| 300 | _a152 | ||
| 650 |
_avijnana _9177140 |
||
| 650 |
_amattu _9177141 |
||
| 650 |
_akagola _9177142 |
||
| 650 |
_aganita _9177143 |
||
| 650 |
_aBharatiya _9177144 |
||
| 690 |
_aMathematics _9177145 |
||
| 906 | _a070246 | ||
| 942 |
_2ddc _cBK |
||
| 999 |
_c119801 _d119801 |
||